Tribhuvan University Central Library

Srijamata khanda kavyako bidhatatvik adhyayan (Record no. 72444)

MARC details
000 -LEADER
fixed length control field 00442 a2200169 4500
041 ## - LANGUAGE CODE
Language code of text/sound track or separate title Nep
082 ## - DEWEY DECIMAL CLASSIFICATION NUMBER
Classification number CD7982
100 ## - MAIN ENTRY--PERSONAL NAME
Personal name Giri, Krishna
245 ## - TITLE STATEMENT
Title Srijamata khanda kavyako bidhatatvik adhyayan
260 ## - PUBLICATION, DISTRIBUTION, ETC. (IMPRINT)
Place of publication, distribution, etc Kathmandu
Date of publication, distribution, etc 2068
502 ## - DISSERTATION NOTE
Dissertation note Dissertation
Degree type Degree in Nepali
Name of granting institution Ratna Rajya L.C.
650 ## - SUBJECT ADDED ENTRY--TOPICAL TERM
Topical term or geographic name as entry element Literary criticism
650 ## - SUBJECT ADDED ENTRY--TOPICAL TERM
Topical term or geographic name as entry element Literary history
650 ## - SUBJECT ADDED ENTRY--TOPICAL TERM
Topical term or geographic name as entry element Nepali poetry
653 ## - INDEX TERM--UNCONTROLLED
Uncontrolled term Nepali literture
942 ## - ADDED ENTRY ELEMENTS (KOHA)
Source of classification or shelving scheme Dewey Decimal Classification
Koha item type Audio Visual Materials
Holdings
Withdrawn status Lost status Source of classification or shelving scheme Damaged status Not for loan Home library Current library Date acquired Total Checkouts Full call number Barcode Date last seen Price effective from Koha item type
    Dewey Decimal Classification     Tribhuvan University Central Library Tribhuvan University Central Library 05/21/2014   CD7982 A7930 05/21/2014 05/21/2014 Audio Visual Materials